Polskie miasto na O - Statystyki

Ogólne statystyki
  • Ten quiz został rozwiązany 69 razy
  • Średni wynik to 5 z 11
Statystyki odpowiedzi
Odpowiedź % Poprawnych
Opole
88%
Olsztyn
82%
Ostrołęka
70%
Ostrów Wielkopolski
52%
Ostróda
41%
Ostrowiec Świętokrzyski
41%
Olkusz
39%
Oświęcim
39%
Otwock
36%
Oleśnica
27%
Orneta
7%
Nie znaleziono quizów pasujących do podanych kryteriów
Rozkład punktacji
Procent ludzi z każdym wynikiem
Percentyl według liczby udzielonych odpowiedzi
Twoja historia wyników
Nie rozwiązałeś tego quizu